000 00836nam a2200265 i 4500
003 DO-SdBNP
005 20230606093457.0
007 ta
008 230606b1942 ag a|||| |||| 00| 0 spa d
040 _aDO-SdBNP
_bspa
_cBNPHU
_erda
082 4 _222
100 _aKruif, Paul de,
_eautor
_970263
245 1 4 _aLos cazadores de microbios /
_cPaul de Krauif
250 _a3a. ed.
264 _aArgentina :
_bClaridad,
_c1942.
300 _a426 páginas :
_bilustraciones ;
_c21 cm.
336 _2rdacontent
_atexto
_btxt
337 _2rdamedia
_asin mediación
_bn
338 _2rdacarrier
_avolumen
_bnc
490 _aBiblioteca de Obras Famosas
_v31
500 _aEdición ilustrada con 64 grabados. versión de la 6ta. ed. alemana, revisada por el autor.
590 _aInventariado, 2023/BT
910 _aBtavárez
942 _2ddc
_cLBS1
999 _c53728
_d53728